000 00598nam a2200229Ia 4500
003 OSt
005 20220928141105.0
006 a|||||r|||| 00| 0
007 ta
008 220927b |||||||| |||| 00| 0 eng d
024 _a13646
037 _cTextual
040 _aSDCL
_cSDCL
_beng
041 _2eng
_aeng
082 _aX:8:(D6,8(B)), P0
100 _aGrimshaw David J
_9499072
245 0 _aBringing geographical information systems into business
250 _a2
260 _c2000
942 _hX:8:(D6,8(B)), P0
_cTEXL
_2CC
999 _c816055
_d816055